Normal view
MARC view
Entry Personal Name
001 - CONTROL NUMBER
- control field: 34951
003 - CONTROL NUMBER IDENTIFIER
- control field: dpl
005 - DATE AND TIME OF LATEST TRANSACTION
- control field: 20110928102335.0
008 - FIXED-LENGTH DATA ELEMENTS
- fixed length control field: 110928|||a|||||| | ||| d
040 ## - CATALOGING SOURCE
- Original cataloging agency: dpl
- Transcribing agency: dpl
100 ## - HEADING--PERSONAL NAME
- Personal name: Shivam, N.S.
670 ## - SOURCE DATA FOUND
- Source citation: Work cat.: (dpl): Shivam's MCQs for PG medical entrance examination medical sciences 14000 MCQs 5000 ennential notes / , 2000
670 ## - SOURCE DATA FOUND
- Source citation: Work cat.: (dpl): Shivam's MCQs for PG medical entrance examination medical sciences 14000 MCQs 5000 ennential notes / , 2000
